000 00807cam a2200205 4500
001 ##D15624
008 090401t1980 xxu||||| |||| 00| 0 eng d
035 _a(Sirsi) u24144
041 0 _aeng
050 0 4 _a346.4104343 $2 18
090 _a346.4104344
100 1 _aPhillips, John M.
245 0 0 _aLegal aspects of lease renewals and rent reviews
260 _aLondon
_bRICS
_c1980
300 _a43p.
_c30cm
520 _aConsiders the following areas on lease renewal problems: who the act applies to; who the parties are; who the parcels are; the length of term; and the possibility of contracting out of the act.
690 _aPROPERTY-COMMERCIAL PROPERTY-LEASEHOLD COMMERCIAL PROPERTY-COMMERCIAL LANDLORD AND TENANT-COMMERCIAL LEASES-COMMERCIAL LEASE RENEWAL
942 _n0
948 _c04/03/1997
999 _c88506
_d88506